banner koha

Programa de melhoramento genetico de suinos de Santa Catarina; resultados alcancados em 1985 [Brasil] (Registro n. 39661)

MARC details
000 -LÍDER
campo de controle de tamanho fixo 00889nam a22002657a 4500
001 - NÚMERO DE CONTROLE
campo de controle BR8702788
003 - IDENTIFICADOR DO NÚMERO DE CONTROLE
campo de controle BR-BrBNA
005 - DATA E HORÁRIO DA ÚLTIMA TRANSAÇÃO
campo de controle 20230928092532.0
007 - CAMPO FIXO DE DESCRIÇÃO FÍSICA--INFORMAÇÃO GERAL
campo de controle de tamanho fixo ta
008 - CAMPO DE DADOS FIXOS--INFORMAÇÃO GERAL
campo de controle de tamanho fixo 230509b bl.||||| |||| 00| 0 por d
040 ## - FONTE DA CATALOGAÇÃO
Instituição da catalogação original BR-BrBNA
Idioma da catalogação por
Instituição que transcreveu o registro Biblioteca Nacional de Agricultura
041 ## - CÓDIGO DE IDIOMA
Código do idioma do texto/trilha sonora ou título diferente (Por)
072 ## - CÓDIGO DE CATEGORIA DE ASSUNTO
Código de Categoria de Assunto L10
Código do objeto 5300
-- /G514
090 ## - NÚMERO DE CHAMADA LOCAL
-- 5300 BR8702788
110 1# - ENTRADA PRINCIPAL--NOME CORPORATIVO
Nome corporativo ou nome da jurisdição Associacao Catarinense de Criadores de Suinos, Concordia, SC (Brasil)
9 (RLIN) 383
245 1# - TÍTULO
Título Programa de melhoramento genetico de suinos de Santa Catarina; resultados alcancados em 1985 [Brasil]
260 3# - PUBLICAÇÃO, DISTRIBUIÇÃO, ETC.
Local de publicação, distribuição, etc. Concordia, SC (Brasil):
Data da publicação, distribuição, etc. 1985.
300 ## - DESCRIÇÃO FÍSICA
Extensão 50 p.
500 ## - NOTA GERAL
Nota geral 46 tables; 9 graphs. (*) Documento disponível na(o) CEAGRI, Florianopolis, SC (Brazil)
650 ## - ASSUNTO--TERMO TÓPICO
Cabeçalho tópico ou nome geográfico MELHORAMENTO GENETICO ANIMAL
650 ## - ASSUNTO--TERMO TÓPICO
Cabeçalho tópico ou nome geográfico SUINO
650 ## - ASSUNTO--TERMO TÓPICO
Cabeçalho tópico ou nome geográfico SANTA CATARINA
909 ## -
-- 202309
-- Lucia
-- 55
-- Lucia Elande
942 ## - ELEMENTOS DE ENTRADA ADICIONADOS (KOHA)
Tipo de material Koha Livros
Exemplares
Situação do descarte Fonte da classificação ou esquema de arquivamento na estante Situação física Não pode ser emprestado Biblioteca de origem Biblioteca atual Total de empréstimos Data de último acesso Número do exemplar Tipo de material Koha Nota pública Situação das perdas Data de aquisição Fonte de aquisição Qualificador de local codificado Custo, preço normal de compra Número do inventário Custo, preço de reposição Preço efetivo de
  Classificação AGRIS   INDISPONÍVEL Centro Cooperante Centro Cooperante   25/09/2023 01 Livros (*) Documento disponível na(o) CEAGRI, Florianopolis, SC (Brazil) Em falta              

BINAGRI

Telefone: (61)3218-2567/2388/3357/2097 - binagri@agro.gov.br

Ministério da Agricultura e Pecuária , Esplanada dos Ministérios, Bloco D, Anexo B, Brasília/DF, CEP: 70.043-900